| 000 | 00755nab a2200217u 4500 | ||
|---|---|---|---|
| 001 | 19371 | ||
| 003 | HDC | ||
| 007 | c| |||a|c|aaaa | ||
| 008 | 210226b20120608my ||||o |||| 00| 0 eng d | ||
| 040 | _aHDC | ||
| 245 | 0 | _aUSA: Alternative Meat Markets and Halal Production workshop in Norwich, NY | |
| 336 |
_atext _2rdacontent |
||
| 337 |
_acomputer _2rdamedia |
||
| 338 |
_aonline resource _2rdacarrier |
||
| 650 |
_aAlternative Meat Markets and Halal Production _917812 |
||
| 650 |
_aNorwich Meadows Farm _917813 |
||
| 856 | _zRequest full-text at [email protected] | ||
| 942 | _2lcc | ||
| 942 | _cNEWS | ||
| 942 | _kNWS0 003534 | ||
| 999 |
_c16687 _d16687 |
||